Insight into WTO: Its Importance for International Trade and Current Threats

Gespeichert in:
Bibliographische Detailangaben
1. Verfasser: Horváthová, Miroslava
Format: Buchkapitel
Sprache:Englisch
Schlagworte:
Tags: Tag hinzufügen
Keine Tags, Fügen Sie das erste Tag hinzu!

MARC

LEADER 00000naa a2200000 4500
001 0262890
005 20240502074157.7
041 0 |a eng 
044 |a SK 
245 1 0 |a Insight into WTO: Its Importance for International Trade and Current Threats  |c Miroslava Horváthová 
610 2 0 |a obchod medzinárodný 
610 2 0 |a globalizácia 
610 2 0 |a výhody komparatívne 
100 1 |a Horváthová, Miroslava